000 00531nam a22001817a 4500
003 CEME
005 20210628204150.0
008 210113b xxu||||| |||| 00| 0 eng d
020 _a9788126527885
040 _cceme
082 _a621.38132 VEN
245 _aMicrowave circuit design , using linear and nonlinear techniques
250 _a2ND
260 _aDELHI
_bWiley India
_c2011
300 _aXX, 1058P
650 _aMICROWAVE CIRCUIT DESIGN.CIRCUIT DESIGN-USING LINEAR AND NONLINEAR TECHNIQUES.
_969064
942 _cBK
_2ddc
999 _c576475
_d576475